|
|
|
|
| LEADER |
00000naa2a2200000 4500 |
| 001 |
392323 |
| 005 |
20231101064240.0 |
| 035 |
|
|
|a (RuTPU)RU\TPU\prd\27509
|
| 090 |
|
|
|a 392323
|
| 100 |
|
|
|a 20040907a2004 k y0rusy50 ca
|
| 101 |
0 |
|
|a rus
|
| 102 |
|
|
|a RU
|
| 200 |
1 |
|
|a Программируемые логические контроллеры VIPA System 200V
|f М. Ананских
|
| 225 |
1 |
|
|a Обзор/Аппаратные средства
|
| 320 |
|
|
|a Библиогр.: 2 назв.
|
| 461 |
|
1 |
|0 (RuTPU)RU\TPU\prd\1759
|x 0206-975X
|t Современные технологии автоматизации
|o производственно-технический журнал
|d 2000-
|
| 463 |
|
1 |
|0 (RuTPU)RU\TPU\prd\26469
|t № 2
|v С. 32-39
|d 2004
|
| 610 |
1 |
|
|a логические контроллеры
|
| 610 |
1 |
|
|a контроллеры
|
| 610 |
1 |
|
|a программируемые контроллеры
|
| 610 |
1 |
|
|a промышленная автоматизация
|
| 610 |
1 |
|
|a интерфейсные модули
|
| 610 |
1 |
|
|a германские фирмы
|
| 610 |
1 |
|
|a зарубежные фирмы
|
| 700 |
|
1 |
|a Ананских
|b М.
|
| 801 |
|
1 |
|a RU
|b 63413507
|c 20040907
|g PSBO
|
| 801 |
|
2 |
|a RU
|b 63413507
|c 20131217
|g RCR
|
| 942 |
|
|
|c BK
|